000 00680nam a2200241Ia 4500
003 OSt
005 20220918192448.0
006 a|||||r|||| 00| 0
007 ta
008 220917b |||||||| |||| 00| 0 eng d
024 _a68,483
037 _cTextual
040 _aARTS
_cARTS
_beng
041 _2eng
_aeng
082 _aR3xN21:g, L7
100 _aWolff Robert Paul
245 0 _aUnderstanding Rawls
_b a reconstruction and critique of a theory of justice
260 _aPrinceton
_bPrinceton Univ Press
_c1977
300 _ax,225p.
_ccm.
500 _aBib 211-12p
942 _hR3xN21:g, L7
_cTEXL
_2CC
999 _c194654
_d194654